Дорожные строительные материалы (Запись № 6658160)

Подробности
000 -МАРКЕР
контрольное поле 01526nam0a22002771 4500
001 - ИДЕНТИФИКАТОР ЗАПИСИ
контрольное поле rc\2714381
005 - ИДЕНТИФИКАТОР ВЕРСИИ
контрольное поле 20260503055610.0
035 ## - ДРУГИЕ СИСТЕМНЫЕ НОМЕРА
Идентификатор записи (NLR Aleph) 006842251
100 ## - ДАННЫЕ ОБЩЕЙ ОБРАБОТКИ
Данные общей обработки 20110915d1938 |||y0rusy50 ca
101 0# - ЯЗЫК РЕСУРСА
Язык текста, звукозаписи и т.д. русский
102 ## - СТРАНА ПУБЛИКАЦИИ ИЛИ ПРОИЗВОДСТВА
Страна публикации Российская Федерация
105 ## - ПОЛЕ КОДИРОВАННЫХ ДАННЫХ: ТЕКСТОВЫЕ МАТЕРИАЛЫ, МОНОГРАФИЧЕСКИЕ
Кодированные данные о монографическом текстовом документе a j |||||
200 1# - ЗАГЛАВИЕ И СВЕДЕНИЯ ОБ ОТВЕТСТВЕННОСТИ
Основное заглавие Дорожные строительные материалы
Сведения, относящиеся к заглавию Учебник для автодор. техникумов
Первые сведения об ответственности Сост. кафедрой "Дор. строит. материалы" МАДИ под ред. проф. П. В. Сахарова
210 ## - ПУБЛИКАЦИЯ, РАСПРОСТРАНЕНИЕ И ДР.
Место издания, распространения и т.д. Москва
-- Ленинград
Имя издателя, распространителя и т. д. Гостранстехиздат
Дата издания, распространения и т.д. 1938
Место изготовления Москва
Имя изготовителя Образцовая тип.
215 ## - ФИЗИЧЕСКАЯ ХАРАКТЕРИСТИКА
Специфическое обозначение материала и объем 256 с.
Другие сведения о физической характеристике ил.
Размеры 22 см.
300 ## - ОБЩИЕ ПРИМЕЧАНИЯ
Текст примечания Из предисл.: "В сост. учебника принимали участие: доц. Иванов Н. Н., доц. Зеленов К. Г., доц. Короткевич Н. Н. и др."
702 #1 - ИМЯ ЛИЦА - ВТОРИЧНАЯ ОТВЕТСТВЕННОСТЬ
Начальный элемент ввода Сахаров
Часть имени, кроме начального элемента ввода П.В.
Расширение инициалов личного имени Павел Вячеславович
Код отношения Редактор
702 #1 - ИМЯ ЛИЦА - ВТОРИЧНАЯ ОТВЕТСТВЕННОСТЬ
Код отношения Составитель
Графика поля Кириллица
Материалы, к которым относится поле rus
Начальный элемент ввода Иванов
Часть имени, кроме начального элемента ввода Н.Н.
Дополнения к именам, кроме дат д-р техн. наук, дорож. стр-во
Даты 1888-1977
Расширение инициалов личного имени Николай Николаевич
Идентификатор авторитетной/нормативной записи RU\NLR\AUTH\770131883
Системный номер авторитетной/нормативной записи 131849
712 02 - НАИМЕНОВАНИЕ ОРГАНИЗАЦИИ - ВТОРИЧНАЯ ОТВЕТСТВЕННОСТЬ
Начальный элемент ввода Московский автомобильно-дор. ин-т им. В. М. Молотова
Структурное подразделение Кафедра "Дорожное строит. материалов"
801 #0 - ИСТОЧНИК ЗАПИСИ
Страна Российская Федерация
Организация NLR
Правила каталогизации psbo
801 #1 - ИСТОЧНИК ЗАПИСИ
Страна Российская Федерация
Организация ELAR
Источник данных rusmarc
852 ## - МЕСТОНАХОЖДЕНИЕ И ШИФР ХРАНЕНИЯ
Идентификатор организации NLR
Шифр хранения (Call Number) 38-4/247
942 ## - ДОПОЛНИТЕЛЬНЫЕ ЭЛЕМЕНТЫ ЗАПИСИ (АБИС)
Тип экземпляра АБИС Книга
980 ## - КОЛЛЕКЦИЯ
Название коллекции Национальная библиография
Экземпляры
Тип экземпляра Дата поступления Библиотека постоянного хранения Библиотека текущего хранения Место хранения Шифр хранения Штрих-код Статус экземпляра
Книга 26.10.2013 РНБ (Садовая) РНБ (Садовая) Русский книжный фонд -Главное здание, Ленинский читальный зал 38-4/247 6842251-10